La crise d'identite de l'adulte /

Bibliographic Details
Main Author: Artaud, Gérard
Format: Book
Language:French
Published: Ottawa, Canada : Editions de l'Universite d'Ottawa, 1979.
Series:Education (University of Ottawa) ; no. 1.
Subjects:

MARC

Tag First Indicator Second Indicator Subfields
LEADER 00000cam a2200000 a 4500
001 in00000091674
005 20150923131726.0
008 820113s1979 onc b 00010 frem
010 |a  80112838  
015 |a C*** 
020 |a 2760311511 
035 |a (OCoLC)06582944 
035 |9 AAK7005AM 
040 |a DLC  |c DLC  |d m.c.  |d TXA  |d UtOrBLW 
049 |a TXAM  |c [1482216] 
050 0 0 |a BF697  |b  A73 
082 0 |a 155.6  |2 19 
100 1 |a Artaud, Gérard. 
245 1 3 |a La crise d'identite de l'adulte /  |c Gerard Artaud. 
264 1 |a Ottawa, Canada :  |b Editions de l'Universite d'Ottawa,  |c 1979. 
300 |a 113 pages ;  |c 24 cm. 
336 |a text  |b txt  |2 rdacontent 
337 |a unmediated  |b n  |2 rdamedia 
338 |a volume  |b nc  |2 rdacarrier 
490 1 |a Education ;  |v no 1 
504 |a Bibliography: pages [111]-113. 
650 0 |a Identity (Psychology) 
830 0 |a Education (University of Ottawa) ;  |v no. 1. 
999 |a MARS 
999 f f |s d7969c1a-ff56-3eb4-bf6c-35a3d7627801  |i 3c9ac8a5-7a50-3a7d-b609-39a9523f75a2  |t 0 
952 f f |p ric  |a Texas A&M University  |b Rellis Campus  |c Joint Library Facility  |d Remote Storage  |t 0  |e BF697 A73  |h Library of Congress classification  |i unmediated -- volume  |m A14806019583 
998 f f |a BF697 A73  |t 0  |l Remote Storage